000 00296nam a22001337a 4500
020 _a978-93-82776-41-3
082 _a894.812.3
_bGEO/C
100 _aGEORGE,BEENA,-Tr.
245 _aCINDERELLA
260 _aTHRISSUR
_bH&C PUBLISHING HOUSE
300 _a48
650 _aSTORY
_zKERALA
942 _cBK
999 _c1545
_d1545